Languages of Spain - Statistics

General Stats
  • This quiz has been taken 26 times
  • The average score is 5 of 7
Answer Stats
Answer % Correct
Catalan
100%
Spanish
100%
Basque
91%
Galician
70%
Aragonese
43%
Asturleonese/Asturian
39%
Aranese/Gascon
22%
No matching quizzes found
Score Distribution
Percent of People with Each Score
Percentile by Number Answered
Your Score History
You have not taken this quiz